000 00757 a2200169 4500
999 _c3167
_d3167
020 _a0620316349
050 0 0 _aQA 5 MUL 2009
110 1 _aSouth Africa.
245 1 0 _aMultilingual mathematics dictionary, Grade R to 6 :
_b
250 _aSecond edition.
264 1 _a[Pretoria], Republic of South Africa :
_bDepartment: Arts and Culture,
_c2013.
300 _axiv, 154 pages ;
500 _a
650 0 _aMathematics
_xStudy and teaching (Elementary)
_xPolyglot.
942 _2lcc
_cBK
_h5
_iMUL
_kQA